Thiruvithamcore charithrathil thrikkaruva panchayathinte samskarika paithrukom/ (Record no. 164861)

000 -LEADER
fixed length control field 01192nam a22001217a 4500
082 ## - DEWEY DECIMAL CLASSIFICATION NUMBER
Classification number
Item number
100 ## - MAIN ENTRY--PERSONAL NAME
Personal name Sadasivan T D
245 ## - TITLE STATEMENT
Title Thiruvithamcore charithrathil thrikkaruva panchayathinte samskarika paithrukom/
Statement of responsibility, etc. by Sadasivan T D.
260 ## - PUBLICATION, DISTRIBUTION, ETC.
Place of publication, distribution, etc.
Name of publisher, distributor, etc. Sujili,
Date of publication, distribution, etc. 2005.
300 ## - PHYSICAL DESCRIPTION
Extent 530p. 530p.
650 ## - SUBJECT ADDED ENTRY--TOPICAL TERM
Topical term or geographic name entry element
942 ## - ADDED ENTRY ELEMENTS (KOHA)
Koha item type Book
Holdings
Withdrawn status Lost status Damaged status Not for loan Permanent Location Current Location Shelving location Date acquired Cost, normal purchase price Total Checkouts Barcode Date last seen Price effective from Koha item type
        RC Thiruvananthapuram RC Thiruvananthapuram   31.10.2018 290.00   TV002440 31.10.2018 31.10.2018 Book